| 000 | 00971nam a22002057a 4500 | ||
|---|---|---|---|
| 999 |
_c62467 _d62467 |
||
| 003 | Ge_BSU | ||
| 005 | 20241114114700.0 | ||
| 008 | 241114s1966 ge ||||| |||| 00| 0 geo d | ||
| 041 | _ageo | ||
| 080 | _a617(470)(092) მ-80 | ||
| 100 |
_aმოგილევსკი, ბ.ლ., _923690 |
||
| 245 |
_aპიროგოვი : _b[ქირურგი და პედაგოგი] / _cბ.ლ. მოგილევსკი ; თარგმნა კარლო ცხადაიამ. |
||
| 264 |
_aთბილისი : _bნაკადული, _c1966. |
||
| 300 |
_a351 გვ. : _b1 ფ. პორტრ. ; _c21 სმ. |
||
| 440 |
_aგამოჩენილ ადამიანთა ცხოვრება ; N 27 _923691 |
||
| 653 | _aპიროგოვი, ნ.ი. | ||
| 653 | _aრუსი ქირურგები. | ||
| 700 |
_aცხადაია, კარლო _eმთარგმნელი _923692 |
||
| 942 |
_2udc _cBK |
||